000 00544nam a2200217Ia 4500
003 OSt
005 20250424123721.0
008 210423s2011 xx 000 0 und d
020 _a9788173714363
040 _cAL
041 _aeng
082 _a531
_223
_bRAOC
100 _aSrinivasa Rao K N
_999914
245 _aClassical mechanics.
260 _aNew Delhi
_bUniversities Press
_c2011
300 _axiv,346
_bPB
365 _b495
_cINR
650 _aClassical Mechanics
_999915
906 _aClassical ; mechanics.
942 _2ddc
_cBK
999 _c162470
_d162470